000 00750nam a22001937a 4500
999 _c176413
_d176413
005 20201221125312.0
010 _aUR-10976
020 _c400.00
_a9789389733785
035 _aU-9531
037 _bDBAD/PUB
082 _a921.8
100 _qسميہ تمکيں
245 _aفصيح ا لنسا ں ، سيد جعفر ا ميرر ضو ی (حيا ت ا و ر ا د بی خد ما ت )
_cسميہ تمکيں
246 _bFaseeh-Ul-Lisan Syed Jafar Ameer Rizvi ( Hayat-o-Adabi Khidmat) (Urdu)
_aby Sumayya Tamkeen
260 _aN.Delhi
_bEducational Publishing House
_c2020 ء
270 _aD-1/16 Ansari Road,Darya Ganj,
_bN.Delhi
_e110002
_k45678285
_l-
300 _a195 ص
_c22 Cm(Hb)
942 _2ddc
_cUR
_h921.8
_mس م ی